[Event "CAN op"]
[Site "Calgary CAN"]
[Date "2023.07.28"]
[Round "8.20"]
[White "Zhang, Brian"]
[Black "Rekhson, Vladislav"]
[Result "1/2-1/2"]
[WhiteElo "1926"]
[BlackElo "2146"]
[PlyCount "141"]
[EventDate "2023.07.22"]
[EventType "swiss"]
[EventRounds "10"]
[EventCountry "CAN"]

1. e4 c5 2. Nf3 Nc6 3. d4 cxd4 4. Nxd4 e5 5. Nb5 a6 6. Nd6+ Bxd6 7. Qxd6 Qe7 8.
Qd1 Nf6 9. Nc3 d6 10. Be2 O-O 11. Be3 b5 12. O-O Bb7 13. a4 b4 14. Nd5 Nxd5 15.
exd5 Nb8 16. a5 f5 17. Ra4 Qf7 18. Rxb4 Bxd5 19. c4 Bb7 20. Qxd6 Nc6 21. Rb6
Rad8 22. Qa3 f4 23. Bc5 Nd4 24. Bxd4 Rxd4 25. c5 e4 26. Bxa6 Bxa6 27. Rxa6 f3
28. Qe3 Qc4 29. Rd6 Rxd6 30. cxd6 Qe6 31. h3 fxg2 32. Re1 Qxd6 33. Qxe4 Qc5 34.
Qxg2 Qxa5 35. Qe4 h6 36. Qe5 Qd2 37. Re2 Qc1+ 38. Re1 Qd2 39. Re2 Qc1+ 40. Kg2
Rf6 41. Re3 Qc6+ 42. Qe4 Rg6+ 43. Kh2 Qf6 44. Rf3 Qd6+ 45. Qf4 Qb6 46. Qf7+ Kh7
47. b3 Rg5 48. Rg3 Qd6 49. Qf3 Rd5 50. Qe4+ Kh8 51. Qe8+ Kh7 52. Qe4+ Kh8 53.
Kg2 Rd1 54. Qe8+ Kh7 55. Qe4+ Kh8 56. Rf3 Kg8 57. Rg3 Qa6 58. Qc4+ Qxc4 59.
bxc4 Rc1 60. Rg4 Kf7 61. Re4 Kf6 62. Kg3 g5 63. Kg4 Rf1 64. Kg3 Rc1 65. f3 Kf5
66. Kg2 h5 67. Kg3 h4+ 68. Kg2 Rc2+ 69. Kg1 Rc1+ 70. Kf2 Rc2+ 71. Kg1 1/2-1/2

[Event "CAN op"]
[Site "Calgary CAN"]
[Date "2023.07.28"]
[Round "8.21"]
[White "Nguyen, Kim"]
[Black "Zhong, April"]
[Result "1/2-1/2"]
[WhiteElo "2145"]
[BlackElo "1938"]
[PlyCount "61"]
[EventDate "2023.07.22"]
[EventType "swiss"]
[EventRounds "10"]
[EventCountry "CAN"]

1. e4 e6 2. d4 d5 3. Nd2 c5 4. Ngf3 cxd4 5. exd5 Qxd5 6. Bc4 Qd6 7. O-O Nf6 8.
Nb3 Nc6 9. Nbxd4 Nxd4 10. Qxd4 Qxd4 11. Nxd4 Bc5 12. Nb3 Bb6 13. a4 a5 14. Re1
O-O 15. Be3 Bxe3 16. Rxe3 Rd8 17. c3 Bd7 18. Nd4 Rac8 19. b3 Rc5 20. Rae1 Bc6
21. Re5 Bd5 22. Bxd5 Rcxd5 23. Kf1 Kf8 24. h3 Rc8 25. Rxd5 Nxd5 26. Nb5 Ke7 27.
g3 Kd7 28. Rd1 Ke7 29. Rd3 Rc6 30. Ke2 Nb6 31. Kd2 1/2-1/2

[Event "CAN op"]
[Site "Calgary CAN"]
[Date "2023.07.28"]
[Round "8.22"]
[White "He, Matthew"]
[Black "Douglas, Richard"]
[Result "1-0"]
[WhiteElo "2140"]
[BlackElo "1950"]
[PlyCount "103"]
[EventDate "2023.07.22"]
[EventType "swiss"]
[EventRounds "10"]
[EventCountry "CAN"]

1. d4 f5 2. Nf3 Nf6 3. g3 e6 4. Bg2 Be7 5. O-O O-O 6. c4 d6 7. Nc3 Ne4 8. Qb3
Nxc3 9. Qxc3 Bf6 10. b4 c5 11. e3 cxb4 12. Qxb4 Nc6 13. Qb3 e5 14. Bb2 Kh8 15.
Rad1 Qc7 16. Rc1 g5 17. Rfd1 e4 18. Nd2 g4 19. Nb1 a5 20. Nc3 Nb4 21. Bf1 Be6
22. a3 Nd3 23. Bxd3 exd3 24. Nb5 Qe7 25. d5 Bd7 26. Bxf6+ Rxf6 27. Qxd3 Rh6 28.
Qd4+ Kg8 29. Qf4 Kg7 30. Nd4 Rf8 31. Rb1 Bc8 32. Rb6 Rff6 33. Rdb1 Qf7 34. Ne6+
Bxe6 35. dxe6 Qxe6 36. Qg5+ Rhg6 37. Rxb7+ Rf7 38. Qf4 Rgf6 39. R1b6 Kg6 40.
Rxf7 Kxf7 41. Qd4 Kg6 42. Qd5 Qe4 43. Rxd6 Rxd6 44. Qxd6+ Kh5 45. Qd5 Qxd5 46.
cxd5 Kg6 47. f3 gxf3 48. Kf2 Kf6 49. Kxf3 Ke5 50. g4 fxg4+ 51. Kxg4 Kxd5 52.
Kf4 1-0

[Event "CAN op"]
[Site "Calgary CAN"]
[Date "2023.07.28"]
[Round "8.23"]
[White "Marchand, Calix"]
[Black "Offengenden, Ron"]
[Result "1-0"]
[WhiteElo "2101"]
[BlackElo "1812"]
[PlyCount "97"]
[EventDate "2023.07.22"]
[EventType "swiss"]
[EventRounds "10"]
[EventCountry "CAN"]

1. e4 e5 2. Nc3 Nf6 3. g3 Bc5 4. Bg2 d6 5. Na4 Bb6 6. Nxb6 axb6 7. Ne2 d5 8.
exd5 Nxd5 9. d4 exd4 10. Qxd4 Nf6 11. Qxd8+ Kxd8 12. Bg5 Nbd7 13. O-O Ra5 14.
Bd2 Re5 15. Nd4 Rhe8 16. Bf4 Rc5 17. Rad1 Nd5 18. Bc1 c6 19. a3 Ke7 20. b4 Rc4
21. Nf5+ Kf8 22. Nd6 Rxc2 23. Nxe8 Kxe8 24. Bxd5 cxd5 25. Rxd5 f6 26. Re1+ Kf7
27. Be3 Ne5 28. Rc1 Nf3+ 29. Kg2 Be6 30. Rdd1 Rxc1 31. Rxc1 Bd5 32. Rc7+ Kg6
33. Bxb6 Nd4+ 34. Kf1 Nb5 35. Rc5 Bb3 36. Bd8 Nxa3 37. Rc3 Nc4 38. Ke2 Ba2 39.
Bc7 b5 40. Kd3 Nb2+ 41. Kd4 Bc4 42. Rc2 Nd3 43. Rxc4 bxc4 44. Kxc4 Nxb4 45.
Kxb4 Kf5 46. h3 h5 47. Kc3 g5 48. Kd4 g4 49. f4 1-0

[Event "CAN op"]
[Site "Calgary CAN"]
[Date "2023.07.28"]
[Round "8.24"]
[White "Zhang, Michelle"]
[Black "Superceanu, Andi"]
[Result "0-1"]
[WhiteElo "1734"]
[BlackElo "2095"]
[PlyCount "124"]
[EventDate "2023.07.22"]
[EventType "swiss"]
[EventRounds "10"]
[EventCountry "CAN"]

1. e4 c5 2. Nf3 Nc6 3. d4 cxd4 4. Nxd4 g6 5. Nc3 Bg7 6. Nb3 Nf6 7. Be2 O-O 8.
O-O d6 9. Be3 a6 10. a4 Be6 11. Nd4 Nxd4 12. Bxd4 Qa5 13. Qd2 Nxe4 14. Nxe4
Qxd2 15. Nxd2 Bxd4 16. c3 Bg7 17. Bf3 Rab8 18. Rfe1 Rfc8 19. Ne4 Rc7 20. a5 b5
21. axb6 Rxb6 22. h4 Rxb2 23. Rxa6 Bxc3 24. Ra8+ Kg7 25. Nxc3 Rxc3 26. Ra7 Kf6
27. Re4 Rc1+ 28. Kh2 Rc4 29. Rxc4 Bxc4 30. Kg3 Rb3 31. Kh2 h5 32. Ra5 Rb5 33.
Ra7 Be6 34. Ra4 Rc5 35. Kg3 Rc7 36. Rd4 Rc3 37. Kh2 Rc4 38. Rxc4 Bxc4 39. g4
hxg4 40. Bxg4 e5 41. Kg3 Kg7 42. f4 f5 43. Bd1 Kf6 44. Bc2 d5 45. fxe5+ Kxe5
46. Kf3 d4 47. Bd1 Bd5+ 48. Ke2 Be4 49. Kf2 f4 50. h5 g5 51. Ke1 Bf5 52. h6 Kf6
53. Bh5 g4 54. h7 Kg7 55. Be8 Kxh7 56. Ba4 Kh6 57. Kf2 Be4 58. Bd1 Kg5 59. Ke1
Kh4 60. Kf1 Kg3 61. Kg1 f3 62. Kf1 Bd3+ 0-1

[Event "CAN op"]
[Site "Calgary CAN"]
[Date "2023.07.28"]
[Round "8.25"]
[White "Wu, Jonathan"]
[Black "Murali, Dhruv"]
[Result "1/2-1/2"]
[WhiteElo "2075"]
[BlackElo "1560"]
[PlyCount "128"]
[EventDate "2023.07.22"]
[EventType "swiss"]
[EventRounds "10"]
[EventCountry "CAN"]

1. e4 g6 2. d4 Bg7 3. Nc3 d6 4. Be3 a6 5. a4 Nd7 6. f4 b6 7. Nf3 Bb7 8. Bd3 c5
9. Qe2 Qc7 10. O-O cxd4 11. Bxd4 Bxd4+ 12. Nxd4 Qc5 13. Qf2 e5 14. fxe5 Nxe5
15. Nd5 Bxd5 16. exd5 Ne7 17. Kh1 O-O 18. Ra3 Nxd3 19. Rxd3 Nxd5 20. Qh4 Rae8
21. Rh3 h5 22. Nf5 Ne3 23. Nxe3 Rxe3 24. Rxe3 Qxe3 25. Qf6 Qe5 26. h3 Qxf6 27.
Rxf6 Rd8 28. Kg1 Kg7 29. Rf3 d5 30. Rb3 Rd6 31. Kf2 f5 32. h4 Rc6 33. c3 Kf6
34. Rb4 Ke5 35. Ke3 a5 36. Rb5 f4+ 37. Kd3 Kd6 38. b3 Ke6 39. Kd4 Rd6 40. b4
axb4 41. cxb4 Rc6 42. Rxd5 Rc1 43. Rb5 Rc6 44. Ke4 Rc4+ 45. Kf3 Rc6 46. Kxf4
Kf6 47. a5 bxa5 48. bxa5 Rc4+ 49. Kg3 Rc3+ 50. Kh2 Rc4 51. Kh3 Rc3+ 52. g3 Ra3
53. Rb6+ Kf5 54. a6 Ra4 55. Kg2 Ra5 56. Kf3 g5 57. hxg5 Kxg5 58. Ke4 Ra3 59.
Kd5 Rxg3 60. Kc6 Ra3 61. Kb7 Kg4 62. a7 h4 63. a8=Q Rxa8 64. Kxa8 h3 1/2-1/2

[Event "CAN op"]
[Site "Calgary CAN"]
[Date "2023.07.28"]
[Round "8.26"]
[White "Deepak, Laksshana"]
[Black "Li, Adam"]
[Result "0-1"]
[WhiteElo "1681"]
[BlackElo "1988"]
[PlyCount "70"]
[EventDate "2023.07.22"]
[EventType "swiss"]
[EventRounds "10"]
[EventCountry "CAN"]

1. e4 e5 2. Nf3 Nc6 3. Nc3 Nf6 4. d4 exd4 5. Nxd4 Bb4 6. Nxc6 dxc6 7. Qxd8+
Kxd8 8. Bg5 h6 9. O-O-O+ Ke7 10. Bf4 Be6 11. f3 Bxc3 12. bxc3 Rac8 13. a4 g5
14. Be3 Nd7 15. h4 f6 16. g3 g4 17. Be2 gxf3 18. Bxf3 h5 19. Be2 Rcg8 20. Rhg1
Bg4 21. Kd2 Bxe2 22. Kxe2 Rg4 23. Bf4 Nc5 24. Kf3 Ne6 25. Be3 a5 26. c4 b6 27.
Rd2 Rhg8 28. Rdg2 Rf8 29. Bh6 Rd8 30. Re1 Rd4 31. e5 f5 32. Rd2 Rxc4 33. Bg5+
Nxg5+ 34. hxg5 Rc3+ 35. Kf2 Rcxg3 0-1

[Event "CAN op"]
[Site "Calgary CAN"]
[Date "2023.07.28"]
[Round "8.27"]
[White "Yang, Henry"]
[Black "Chandra, Anand Rishi"]
[Result "1/2-1/2"]
[WhiteElo "1818"]
[BlackElo "2199"]
[PlyCount "90"]
[EventDate "2023.07.22"]
[EventType "swiss"]
[EventRounds "10"]
[EventCountry "CAN"]

1. d4 d5 2. c4 e6 3. Nf3 Nf6 4. g3 Be7 5. Bg2 O-O 6. O-O c6 7. Qc2 Re8 8. Nbd2
Na6 9. b3 Nb4 10. Qb1 a5 11. Bb2 c5 12. e4 Nc6 13. exd5 exd5 14. cxd5 Nxd5 15.
dxc5 Bxc5 16. Ne4 Be7 17. Nc3 Nf6 18. Rd1 Qb6 19. Ne4 Ng4 20. h3 Nh6 21. Nd4
Nxd4 22. Bxd4 Qg6 23. Qb2 Nf5 24. Bc5 Bxc5 25. Nxc5 Rb8 26. Re1 Be6 27. Qc3 b6
28. Nxe6 Rxe6 29. Rxe6 Qxe6 30. Re1 Qd6 31. Rc1 Kf8 32. Qc7 Qxc7 33. Rxc7 Rd8
34. Rc6 Rd6 35. Rxd6 Nxd6 36. Kf1 Ke7 37. Ke2 Nb5 38. Kd3 Kd6 39. Be4 g6 40.
Kc4 Nc7 41. a4 f5 42. Bg2 g5 43. Bf3 Ke5 44. Bc6 h6 45. Bg2 Kd6 1/2-1/2

[Event "CAN op"]
[Site "Calgary CAN"]
[Date "2023.07.28"]
[Round "8.28"]
[White "Srinivasan, Hemant"]
[Black "Heran-Boily, Samuel"]
[Result "0-1"]
[WhiteElo "2200"]
[BlackElo "1936"]
[PlyCount "56"]
[EventDate "2023.07.22"]
[EventType "swiss"]
[EventRounds "10"]
[EventCountry "CAN"]

1. d4 d5 2. c4 e6 3. Nc3 Nf6 4. cxd5 exd5 5. Bg5 Be7 6. e3 c6 7. Bd3 O-O 8.
Nge2 Nbd7 9. O-O Re8 10. a4 a5 11. f3 Nf8 12. Bh4 Ne6 13. Bf2 Bf8 14. h3 g6 15.
e4 dxe4 16. fxe4 Bg7 17. e5 Nd5 18. Qd2 Nb4 19. Bc4 Bxe5 20. Ne4 Bg7 21. Bg3
Nd5 22. Nd6 Rf8 23. Kh2 Qb6 24. Bxd5 cxd5 25. Nc3 Nc7 26. Qg5 Be6 27. Be5 f6
28. Qg3 fxe5 0-1

[Event "CAN op"]
[Site "Calgary CAN"]
[Date "2023.07.28"]
[Round "8.29"]
[White "Karmali, Hafiz"]
[Black "Boehmer, Kris"]
[Result "1/2-1/2"]
[WhiteElo "1869"]
[BlackElo "2142"]
[PlyCount "68"]
[EventDate "2023.07.22"]
[EventType "swiss"]
[EventRounds "10"]
[EventCountry "CAN"]

1. d4 d5 2. c4 c6 3. Nc3 Nf6 4. Bf4 a6 5. c5 Bf5 6. Nf3 Nbd7 7. e3 Nh5 8. Bd3
Nxf4 9. Bxf5 e6 10. exf4 exf5 11. O-O Be7 12. Re1 O-O 13. Ne5 Re8 14. Re3 Nf8
15. Qb3 Rb8 16. Rae1 Bf6 17. Qd1 Bxe5 18. Rxe5 Rxe5 19. Rxe5 g6 20. g3 Ne6 21.
Na4 Qa5 22. a3 Re8 23. Nb6 Qb5 24. Re2 Kf8 25. b4 a5 26. Rb2 a4 27. Re2 Ke7 28.
Nxa4 Ra8 29. Nc3 Qc4 30. Nb1 Kd7 31. Rd2 Nc7 32. Re2 Ne6 33. Rd2 Nc7 34. Re2
Ne6 1/2-1/2

[Event "CAN op"]
[Site "Calgary CAN"]
[Date "2023.07.28"]
[Round "8.30"]
[White "Aljo, Johan"]
[Black "Hooshdaran, Soheil"]
[Result "1-0"]
[WhiteElo "2124"]
[BlackElo "1617"]
[PlyCount "69"]
[EventDate "2023.07.22"]
[EventType "swiss"]
[EventRounds "10"]
[EventCountry "CAN"]

1. d4 Nf6 2. c4 c5 3. d5 g6 4. Nc3 Bg7 5. e4 d6 6. Nf3 O-O 7. Be2 e6 8. O-O
exd5 9. cxd5 Re8 10. Nd2 a6 11. a4 b6 12. Qc2 Ra7 13. Nc4 Rae7 14. Bd3 Ng4 15.
Bf4 Ne5 16. Nxe5 Bxe5 17. Bxe5 Rxe5 18. f4 R5e7 19. Rf3 Nd7 20. Qd2 c4 21. Bxc4
Nc5 22. f5 Nxe4 23. Nxe4 Rxe4 24. f6 R8e5 25. Rc1 Bg4 26. Rf2 Rh5 27. Bxa6 Rxa4
28. Bb5 Ra5 29. Bc6 Rc5 30. Rxc5 bxc5 31. Qf4 Bc8 32. Re2 g5 33. Qf3 g4 34. Qf4
Ba6 35. Qxg4+ 1-0

[Event "CAN op"]
[Site "Calgary CAN"]
[Date "2023.07.28"]
[Round "8.31"]
[White "Daniluk, Jim"]
[Black "Liu, Zachary"]
[Result "0-1"]
[WhiteElo "1844"]
[BlackElo "2071"]
[PlyCount "86"]
[EventDate "2023.07.22"]
[EventType "swiss"]
[EventRounds "10"]
[EventCountry "CAN"]

1. e4 c5 2. Nc3 Nc6 3. Bb5 d6 4. Nf3 Bd7 5. Bxc6 bxc6 6. d4 cxd4 7. Qxd4 e5 8.
Qd3 Be7 9. O-O Nf6 10. Rd1 Qc7 11. b3 Rd8 12. h3 h6 13. a4 Be6 14. Qe2 g5 15.
g4 Nh7 16. Be3 Qb7 17. a5 Nf8 18. a6 Qc7 19. b4 Ng6 20. b5 Nf4 21. Bxf4 gxf4
22. bxc6 Qxc6 23. Nd5 h5 24. Nh2 hxg4 25. hxg4 Bh4 26. Rd2 Rb8 27. c4 Bc8 28.
Rb2 Rxb2 29. Qxb2 Kf8 30. Qb5 Bd7 31. Qxc6 Bxc6 32. Rb1 Bxf2+ 33. Kg2 Kg7 34.
Nf3 Bc5 35. Rb2 Rc8 36. Kf1 Bxd5 37. cxd5 Bb6 38. Ne1 Rc4 39. Nd3 Rxe4 40. Rb4
Rxb4 41. Nxb4 Kf6 42. Kg2 e4 43. Na2 Ke5 0-1

[Event "CAN op"]
[Site "Calgary CAN"]
[Date "2023.07.28"]
[Round "8.32"]
[White "Ming, Jerry"]
[Black "Su, Ethan"]
[Result "1-0"]
[WhiteElo "1756"]
[BlackElo "2071"]
[PlyCount "55"]
[EventDate "2023.07.22"]
[EventType "swiss"]
[EventRounds "10"]
[EventCountry "CAN"]

1. e4 c5 2. c3 Nf6 3. e5 Nd5 4. d4 cxd4 5. cxd4 d6 6. Nf3 Nc6 7. Bc4 Be6 8. O-O
g6 9. Qb3 Na5 10. Bb5+ Nc6 11. Bc4 a6 12. Bxd5 Na5 13. Qa4+ b5 14. Qxa5 Qxa5
15. Bxa8 Bg7 16. Bc6+ Bd7 17. Bxd7+ Kxd7 18. Bd2 Qb6 19. Nc3 Qb7 20. exd6 exd6
21. Rfe1 b4 22. Ne4 h6 23. Bf4 Qd5 24. Nxd6 g5 25. Bg3 f5 26. Be5 Rh7 27. Nxf5
Bf8 28. Rac1 1-0

[Event "CAN op"]
[Site "Calgary CAN"]
[Date "2023.07.28"]
[Round "8.33"]
[White "Zhong, Ryan Yunhui"]
[Black "Zacharias, Nicholas"]
[Result "1/2-1/2"]
[WhiteElo "2017"]
[BlackElo "1843"]
[PlyCount "56"]
[EventDate "2023.07.22"]
[EventType "swiss"]
[EventRounds "10"]
[EventCountry "CAN"]

1. e4 c6 2. d4 d5 3. Nc3 dxe4 4. Nxe4 Nf6 5. Nxf6+ exf6 6. c3 Bd6 7. Bd3 O-O 8.
Ne2 Re8 9. Qc2 f5 10. Bxf5 Bxf5 11. Qxf5 Nd7 12. Be3 Nb6 13. O-O Nc4 14. b3 g6
15. Qf3 Nxe3 16. fxe3 f5 17. Rfe1 Qc7 18. g3 Re4 19. Nf4 Rae8 20. Ng2 Qa5 21.
Rec1 Bf8 22. Rc2 Bh6 23. Re1 c5 24. d5 c4 25. bxc4 Qa4 26. Rb2 Qxc4 27. Rxb7
Qxd5 28. Rb3 Qc5 1/2-1/2

[Event "CAN op"]
[Site "Calgary CAN"]
[Date "2023.07.28"]
[Round "8.34"]
[White "Bulga, Tamir"]
[Black "Zhao, Erin"]
[Result "1-0"]
[WhiteElo "1961"]
[BlackElo "1613"]
[PlyCount "135"]
[EventDate "2023.07.22"]
[EventType "swiss"]
[EventRounds "10"]
[EventCountry "CAN"]

1. Nf3 d5 2. e3 Nf6 3. c4 c6 4. Nc3 e6 5. d4 Be7 6. Qc2 c5 7. cxd5 Nxd5 8. Nxd5
exd5 9. Bd3 h6 10. O-O cxd4 11. Nxd4 O-O 12. Bd2 Nd7 13. Nf5 Ne5 14. Be2 Bf6
15. Bc3 Nc6 16. Rfd1 Bxc3 17. bxc3 Be6 18. Rab1 Qc7 19. Ng3 Rac8 20. f4 f6 21.
Bf3 Rfd8 22. Rd3 b6 23. Qa4 Qd7 24. Rbd1 Ne7 25. Qa3 Rc5 26. e4 Qb7 27. Ne2
Rdc8 28. Nd4 Bf7 29. e5 Qd7 30. Re3 fxe5 31. fxe5 Be6 32. Nxe6 Qxe6 33. Qxa7
Rxc3 34. Rxc3 Rxc3 35. Qa8+ Rc8 36. Bxd5 Nxd5 37. Qxd5 Qxd5 38. Rxd5 Rc1+ 39.
Kf2 Rc2+ 40. Kf3 Rxa2 41. e6 Kf8 42. Rd7 Ra4 43. Rf7+ Kg8 44. Rb7 Kf8 45. Rf7+
Kg8 46. Rb7 Kf8 47. Rxb6 Ke7 48. Rb7+ Kxe6 49. Rxg7 Kf6 50. Rg4 Ra3+ 51. Kf4 h5
52. Rg8 Ra4+ 53. Kg3 h4+ 54. Kh3 Rb4 55. Rg4 Rb3+ 56. Kxh4 Rb2 57. Rg3 Rb4+ 58.
Kh5 Rb5+ 59. Kh4 Rb8 60. Rf3+ Kg6 61. g4 Rb5 62. Rc3 Rb6 63. h3 Rd6 64. Kg3 Rd1
65. Rc6+ Kg7 66. g5 Rg1+ 67. Kh4 Rg2 68. Kh5 1-0

[Event "CAN op"]
[Site "Calgary CAN"]
[Date "2023.07.28"]
[Round "8.35"]
[White "Mok, Erwin"]
[Black "Chacon, Jose Eduardo"]
[Result "1-0"]
[WhiteElo "1694"]
[BlackElo "1983"]
[PlyCount "93"]
[EventDate "2023.07.22"]
[EventType "swiss"]
[EventRounds "10"]
[EventCountry "CAN"]

1. d4 b6 2. e4 Bb7 3. Bd3 e6 4. Nf3 d5 5. e5 c5 6. c3 Be7 7. O-O Nc6 8. Be3 f6
9. exf6 gxf6 10. Bf4 c4 11. Bc2 Bd6 12. Bg3 Qd7 13. Re1 O-O-O 14. Nbd2 Bxg3 15.
hxg3 Nh6 16. b3 cxb3 17. Nxb3 Nf7 18. Qb1 Kc7 19. a4 Nd6 20. Bd3 Nc4 21. Nfd2
Nxd2 22. Nxd2 h5 23. Nf3 Na5 24. Qa2 Kb8 25. Qe2 Rde8 26. Bg6 Re7 27. Nh4 Bc8
28. Nf5 Rg7 29. Nxg7 Qxg7 30. Bxh5 Nc4 31. g4 Qc7 32. Reb1 Ka8 33. Qe1 f5 34.
f3 fxg4 35. fxg4 Bd7 36. Qe2 Qd6 37. Rf1 Be8 38. Rf6 Bd7 39. Qf2 Be8 40. Rf1
Bxa4 41. Rf8+ Rxf8 42. Qxf8+ Kb7 43. Qxd6 Nxd6 44. g5 a5 45. g6 Bc2 46. g7 Bh7
47. Bg6 1-0

[Event "CAN op"]
[Site "Calgary CAN"]
[Date "2023.07.28"]
[Round "8.36"]
[White "McCoshen, Ricky"]
[Black "Mok, Gillian"]
[Result "0-1"]
[WhiteElo "1717"]
[BlackElo "1999"]
[PlyCount "92"]
[EventDate "2023.07.22"]
[EventType "swiss"]
[EventRounds "10"]
[EventCountry "CAN"]

1. d4 Nf6 2. c4 g6 3. Nc3 Bg7 4. Bg5 d6 5. e3 O-O 6. Be2 Nbd7 7. Nf3 c5 8. O-O
h6 9. Bh4 b6 10. Qc2 cxd4 11. Nxd4 Bb7 12. Rfd1 Nc5 13. f3 Qd7 14. Bf2 Rac8 15.
b4 Ne6 16. Nb3 a6 17. Rac1 Qc7 18. Qd2 Qd8 19. a4 Nd7 20. a5 Ne5 21. Nd5 bxa5
22. Nxa5 Rb8 23. e4 Nc6 24. Nb3 g5 25. c5 dxc5 26. Nxc5 Ned4 27. Nxb7 Rxb7 28.
Bxa6 Ra7 29. Rxc6 Nxc6 30. Bxa7 Qa8 31. Qe3 e6 32. Ne7+ Nxe7 33. b5 Rd8 34.
Rxd8+ Qxd8 35. h3 Qd1+ 36. Kh2 Be5+ 37. g3 Qc2+ 38. Qf2 Qa4 39. Qe2 h5 40. b6
h4 41. Bb5 hxg3+ 42. Kg2 Qd4 43. Qa2 Ng6 44. b7 Nh4+ 45. Kh1 Qd1+ 46. Bg1 Qxf3+
0-1

[Event "CAN op"]
[Site "Calgary CAN"]
[Date "2023.07.28"]
[Round "8.37"]
[White "Yin, Zeming"]
[Black "Gao, Lucy"]
[Result "0-1"]
[WhiteElo "1748"]
[BlackElo "1933"]
[PlyCount "66"]
[EventDate "2023.07.22"]
[EventType "swiss"]
[EventRounds "10"]
[EventCountry "CAN"]

1. e4 c5 2. c3 d5 3. exd5 Qxd5 4. Nf3 Nc6 5. Na3 a6 6. Be2 e5 7. Bc4 Qd6 8. Ng5
Nh6 9. O-O Qg6 10. d3 Be7 11. Ne4 O-O 12. Be3 b6 13. Nc2 Kh8 14. f3 f5 15. Nf2
f4 16. Bd2 Nf5 17. Kh1 Ng3+ 18. Kg1 Nxf1 19. Qxf1 Bh4 20. a4 Ne7 21. Ne4 Nf5
22. Bd5 Ra7 23. b4 Be7 24. a5 cxb4 25. Qf2 Rd7 26. Bb3 Rxd3 27. Bc4 Bb7 28.
Bxd3 Bxe4 29. Qe2 Bc5+ 30. Kf1 Bxd3 31. Qxd3 Ng3+ 32. hxg3 Qxd3+ 33. Ke1 bxc3
0-1

[Event "CAN op"]
[Site "Calgary CAN"]
[Date "2023.07.28"]
[Round "8.39"]
[White "MacLeod, Damon"]
[Black "Zhang, James"]
[Result "1-0"]
[WhiteElo "1889"]
[BlackElo "1742"]
[PlyCount "55"]
[EventDate "2023.07.22"]
[EventType "swiss"]
[EventRounds "10"]
[EventCountry "CAN"]

1. d4 d5 2. Nc3 Nf6 3. Bf4 c6 4. e3 Bf5 5. f3 Nbd7 6. g4 Bg6 7. h4 h6 8. Bd3
Bxd3 9. Qxd3 e6 10. Nge2 a6 11. O-O-O c5 12. Ng3 b5 13. g5 c4 14. Qe2 b4 15.
Nb1 Ng8 16. e4 Ne7 17. Bd6 Ng6 18. Nf5 Nxh4 19. Rxh4 Bxd6 20. Nxd6+ Kf8 21. f4
Qe7 22. e5 f6 23. Qh5 Kg8 24. Rg1 fxg5 25. Rxg5 Rf8 26. Rg6 Nb6 27. Qg4 Kh7 28.
Rxe6 1-0

[Event "CAN op"]
[Site "Calgary CAN"]
[Date "2023.07.28"]
[Round "8.40"]
[White "Darvekar, Yash"]
[Black "Sasata, Alexander"]
[Result "1/2-1/2"]
[WhiteElo "1886"]
[BlackElo "1736"]
[PlyCount "84"]
[EventDate "2023.07.22"]
[EventType "swiss"]
[EventRounds "10"]
[EventCountry "CAN"]

1. e4 e5 2. Nf3 Nc6 3. Bb5 Nf6 4. d3 Bc5 5. Bxc6 dxc6 6. O-O Bg4 7. Nbd2 Nd7 8.
Re1 Qe7 9. Nf1 O-O-O 10. h3 Be6 11. a3 f6 12. b4 Bd6 13. Qe2 g5 14. N3h2 h5 15.
Be3 Nf8 16. Reb1 Ng6 17. f3 Rdg8 18. Kf2 g4 19. fxg4 hxg4 20. Nxg4 f5 21. exf5
Bxf5 22. Ke1 Qh4+ 23. Bf2 Bxg4 24. Qxg4+ Qxg4 25. hxg4 Nf4 26. Ne3 Rf8 27. Bg3
Rhg8 28. Kd2 Nxg2 29. Rf1 Rxf1 30. Rxf1 Nxe3 31. Kxe3 Rxg4 32. Be1 a5 33. bxa5
Bxa3 34. Rf5 Rg2 35. c3 Bc1+ 36. Kf3 Rg1 37. Rxe5 Ba3 38. Bf2 Bd6 39. Re8+ Kd7
40. Rb8 Ra1 41. Rxb7 Rxa5 42. Rb3 Rb5 1/2-1/2

[Event "CAN op"]
[Site "Calgary CAN"]
[Date "2023.07.28"]
[Round "8.41"]
[White "Radic, Dejan"]
[Black "Bince, Rolando"]
[Result "0-1"]
[WhiteElo "1746"]
[BlackElo "1881"]
[PlyCount "58"]
[EventDate "2023.07.22"]
[EventType "swiss"]
[EventRounds "10"]
[EventCountry "CAN"]

1. e4 Nf6 2. e5 Nd5 3. d4 d6 4. c4 Nb6 5. exd6 cxd6 6. Nc3 g6 7. Be3 Bg7 8. Rc1
O-O 9. b3 Nc6 10. Nf3 Bg4 11. Be2 e5 12. c5 Bxf3 13. Bxf3 exd4 14. Bxd4 Bxd4
15. Bxc6 Bxc3+ 16. Rxc3 Qf6 17. Rc2 bxc6 18. cxb6 Rfe8+ 19. Kf1 axb6 20. h4 Re4
21. g3 Rae8 22. Kg2 d5 23. h5 g5 24. h6 Qe6 25. Qc1 Qf5 26. Qb2 d4 27. b4 g4
28. Qb3 R4e6 29. Qb2 Qf3+ 0-1

[Event "CAN op"]
[Site "Calgary CAN"]
[Date "2023.07.28"]
[Round "8.42"]
[White "Xu, Philip"]
[Black "Wharton, Kayode"]
[Result "1/2-1/2"]
[WhiteElo "1878"]
[BlackElo "1728"]
[PlyCount "104"]
[EventDate "2023.07.22"]
[EventType "swiss"]
[EventRounds "10"]
[EventCountry "CAN"]

1. c4 e5 2. Nc3 f5 3. d3 Nf6 4. Nf3 Nc6 5. g3 Bb4 6. a3 Bxc3+ 7. bxc3 O-O 8.
Bg2 d6 9. O-O Qe8 10. Qc2 Kh8 11. Rb1 Rb8 12. Nd2 Bd7 13. Nb3 Qh5 14. e3 Ng4
15. h3 Nh6 16. f3 g5 17. Kf2 f4 18. g4 fxe3+ 19. Bxe3 Qg6 20. Qd2 e4 21. dxe4
Qxe4 22. Bd4+ Ne5 23. Rbe1 Rxf3+ 24. Bxf3 Qxf3+ 25. Kg1 Qxh3 26. Bxe5+ dxe5 27.
Qxd7 Qg3+ 28. Kh1 Nxg4 29. Qd2 Re8 30. Qg2 Qh4+ 31. Kg1 e4 32. Nd2 e3 33. Nf3
Qh5 34. Nh2 Nf2 35. Qd5 Qh3 36. Qf3 Qe6 37. Kg2 Nd3 38. Qd5 Nxe1+ 39. Rxe1 Qg6
40. Qd4+ Kg8 41. Qd5+ Kh8 42. Qd4+ Kg8 43. Rxe3 Rxe3 44. Qxe3 Qc6+ 45. Nf3 h6
46. Kg3 Qxc4 47. Qe8+ Kg7 48. Qd7+ Kg8 49. Qd8+ Kg7 50. Qd4+ Qxd4 51. Nxd4 c6
52. Ne6+ Kf6 1/2-1/2

[Event "CAN op"]
[Site "Calgary CAN"]
[Date "2023.07.28"]
[Round "8.43"]
[White "Yang, Vincent"]
[Black "Ratte, Cameron"]
[Result "1/2-1/2"]
[WhiteElo "1670"]
[BlackElo "1848"]
[PlyCount "46"]
[EventDate "2023.07.22"]
[EventType "swiss"]
[EventRounds "10"]
[EventCountry "CAN"]

1. Nf3 e6 2. d4 f5 3. c4 Nf6 4. Nc3 Bb4 5. a3 Bxc3+ 6. bxc3 b6 7. g3 Bb7 8. Bg2
d6 9. O-O Ne4 10. Qc2 Nd7 11. Ng5 Qe7 12. Nxe4 fxe4 13. Bxe4 Bxe4 14. Qxe4 O-O
15. a4 a5 16. Qc6 Rac8 17. e4 e5 18. f4 Kh8 19. Re1 Qf7 20. Kg2 exf4 21. Bxf4
g5 22. Bxg5 Qf3+ 23. Kg1 Qf2+ 1/2-1/2

[Event "CAN op"]
[Site "Calgary CAN"]
[Date "2023.07.28"]
[Round "8.44"]
[White "Hawkshaw, Kevin"]
[Black "Giles, Patrick"]
[Result "1-0"]
[WhiteElo "1840"]
[BlackElo "1653"]
[PlyCount "87"]
[EventDate "2023.07.22"]
[EventType "swiss"]
[EventRounds "10"]
[EventCountry "CAN"]

1. c4 c6 2. Nf3 d5 3. e3 Nf6 4. Nc3 e6 5. b3 Nbd7 6. Bb2 Be7 7. Qc2 O-O 8. Be2
h6 9. d4 b6 10. O-O Bb7 11. Rfd1 Rc8 12. Rac1 Qc7 13. Nd2 Qb8 14. e4 dxe4 15.
Ndxe4 Rfd8 16. Bf3 c5 17. dxc5 Nxc5 18. Qe2 Qf4 19. Rxd8+ Rxd8 20. Nxc5 Bxf3
21. Nxe6 Qxc1+ 22. Bxc1 Bxe2 23. Nxd8 Bxd8 24. Nxe2 Ne4 25. Nd4 Bc7 26. Nb5 Bb8
27. f3 Nc5 28. Be3 Ne6 29. Nd4 Nxd4 30. Bxd4 f5 31. h3 Kf7 32. Kf2 g6 33. Be3
h5 34. g3 Ke6 35. Bf4 Bxf4 36. gxf4 Kf6 37. h4 Ke6 38. Ke3 Kd6 39. Kd4 a6 40.
a3 a5 41. b4 a4 42. c5+ bxc5+ 43. bxc5+ Kc6 44. Kc4 1-0